Risk management : Problems & solution
| Main Author: | |
|---|---|
| Format: | Book |
| Published: |
New York :
McGraw-Hill ,
1995
|
| Subjects: |
MARC
| LEADER | 00000cam a2200000 7i4500 | ||
|---|---|---|---|
| 001 | 0000005833 | ||
| 005 | 20050503.0 | ||
| 020 | |a 0070485887 | ||
| 040 | |a INS | ||
| 090 | 0 | 0 | |a HD61. |b B3863 1995 |
| 100 | 1 | |a Beaver, William H. | |
| 245 | 1 | 0 | |a Risk management : |b Problems & solution |c William H. Beaver, George Parkes, editors |
| 260 | |a New York : |b McGraw-Hill , |c 1995 | ||
| 300 | |a 369 p. | ||
| 650 | 0 | 0 | |a Risk management |
| 700 | 1 | 2 | |a Beaver, William H. |
| 999 | |a 0000007340 |b BOOK |c Open Shelf |e Default branch | ||